[Event "AUTO-INT-3515"]
[Site "http://www.queenalice.com/game.php?id=1632044"]
[Date "2020.11.7"]
[Round "2"]
[White "ggteste1"]
[Black "kanibal"]
[Result "1-0"]
[WhiteElo "1879"]
[BlackElo "1564"]

1. e4 e5 2. Nf3 Nc6 3. Nc3 Bb4 4. Bc4 Nh6 5. O-O O-O 6. d4 exd4 7. Nxd4 Bxc3 8.
bxc3 a6 9. Bxh6 gxh6 10. Qg4+ Kh8 11. Nf5 Rg8 12. Qh5 Ne5 13. Nxh6 Rg5 14. Nxf7+
Nxf7 15. Qxf7 d6 16. f4 Rg7 17. Qh5 b5 18. Bd3 Bb7 19. Rad1 Qg8 20. Rf2 Rf8 21.
a3 Rf6 22. f5 Rg5 23. Qh4 Rg4 24. Qxf6+ Rg7 25. Rf4 Bc8 26. Re1 Bd7 27. g4 Qf7
28. e5 dxe5 29. Qd8+ Rg8 30. Qxc7 Rc8 31. Qxe5+ Kg8 32. Ree4 Re8 33. Qc5 Qf6 34.
c4 Bc6 35. Rxe8+ Bxe8 36. cxb5 1-0

[Event "AUTO-INT-3515"]
[Site "http://www.queenalice.com/game.php?id=1632045"]
[Date "2020.11.7"]
[Round "2"]
[White "kanibal"]
[Black "ggteste1"]
[Result "0-1"]
[WhiteElo "1568"]
[BlackElo "1875"]

1. e4 e5 2. Nc3 Nf6 3. Nf3 Nc6 4. Bc4 h6 5. h3 Bb4 6. a3 Bxc3 7. dxc3 Nxe4 8.
Bd3 Nf6 9. Bb5 O-O 10. O-O d5 11. Bxc6 bxc6 12. b4 e4 13. Nd4 Bd7 14. f3 Qc8 15.
Qe1 Re8 16. f4 a5 17. Nb3 a4 18. Nc5 Bxh3 19. gxh3 Qxh3 20. Rf2 Qg3+ 21. Kf1 e3
22. Re2 Qf3+ 23. Kg1 Ne4 24. Rxe3 Qg4+ 25. Kf1 Qxf4+ 26. Ke2 Ng3+ 27. Kd1 Rxe3
28. Bxe3 Qf3+ 29. Kc1 Re8 30. Kd2 Ne4+ 31. Nxe4 Rxe4 32. c4 dxc4 33. c3 g5 34.
Qe2 Qxe2+ 35. Kxe2 f5 36. Kd2 f4 0-1

[Event "Challenge"]
[Site "http://www.queenalice.com/game.php?id=1632646"]
[Date "2020.11.12"]
[Round "-"]
[White "ggteste1"]
[Black "AranchiA12"]
[Result "1-0"]
[WhiteElo "1843"]
[BlackElo "1708"]

1. e4 c5 2. Bc4 e6 3. Nc3 Nc6 4. a3 Nf6 5. d3 a6 6. Nf3 Be7 7. O-O d5 8. exd5
Nxd5 9. Nxd5 exd5 10. Ba2 O-O 11. Bf4 Re8 12. h3 h6 13. Re1 Be6 14. d4 Qb6 15.
c3 Qxb2 16. Qb3 Qxb3 17. Bxb3 Bf6 18. Ne5 cxd4 19. cxd4 Nxd4 20. Rab1 Nxb3 21.
Rxb3 1-0

[Event "AUTO-INT-3514"]
[Site "http://www.queenalice.com/game.php?id=1632861"]
[Date "2020.11.14"]
[Round "2"]
[White "CERVERO"]
[Black "ggteste1"]
[Result "0-1"]
[WhiteElo "1928"]
[BlackElo "1823"]

1. d4 d5 2. Nc3 Nf6 3. h3 Nc6 4. Nf3 Bf5 5. Bf4 e6 6. e3 Bb4 7. Bd3 Bxc3+ 8.
bxc3 O-O 9. Nh4 Bxd3 10. cxd3 h6 11. Nf3 Re8 12. O-O b6 13. Ne5 Nxe5 14. Bxe5
Nd7 15. Bh2 f5 16. f4 a5 17. a4 Rb8 18. Bg3 g5 19. Bh2 c5 20. Qh5 Kh7 21. fxg5
Qxg5 22. Qxg5 hxg5 23. Rab1 Rb7 24. Rb5 cxd4 25. exd4 f4 26. Kh1 e5 27. Rxd5 Nf6
28. Rd6 Kg6 29. Bg1 b5 30. Rb1 b4 31. c4 Kf5 32. c5 e4 33. dxe4+ Nxe4 34. Ra6
Nd2 35. Rb2 Nc4 36. Rb1 b3 37. c6 Rb4 38. d5 b2 39. Bc5 Rxa4 40. c7 Ra1 41. Rxa5
Rxb1+ 42. Kh2 Nxa5 43. d6 Rd1 0-1

[Event "AUTO-INT-3514"]
[Site "http://www.queenalice.com/game.php?id=1632862"]
[Date "2020.11.14"]
[Round "2"]
[White "ggteste1"]
[Black "CERVERO"]
[Result "0-1"]
[WhiteElo "1836"]
[BlackElo "1915"]

1. e4 c5 2. Nf3 d6 3. Nc3 Nc6 4. Bc4 Nf6 5. O-O Bg4 6. d3 e6 7. Bf4 Be7 8. h3
Bh5 9. Qd2 a6 10. Rae1 b5 11. Bh6 gxh6 12. e5 Bxf3 13. gxf3 dxe5 14. Bxe6 fxe6
15. Qxh6 Bf8 16. Qh4 Qe7 17. Kh1 O-O-O 18. Rg1 Nd4 19. Qg3 Qd6 20. Ne4 Qe7 21.
c3 Nc6 22. Rd1 Bh6 23. a3 Rhg8 24. Qh4 Bg7 25. b4 cxb4 26. cxb4 Nxe4 27. Qxe7
Nxf2+ 28. Kh2 Nxe7 29. Rd2 Nxd3 30. Rc2+ Kb7 31. Rg5 Ng6 32. Kg3 Ndf4 33. Kh2
Rgf8 34. h4 Rd3 35. Kg3 Rxa3 36. Rg4 Nd5 37. Rc5 Bh8 38. h5 Nxb4 39. hxg6 Rfxf3+
40. Kh4 hxg6 41. Rxg6 Bf6+ 42. Kg4 Rf4+ 0-1

[Event "AUTO-INT-3514"]
[Site "http://www.queenalice.com/game.php?id=1632869"]
[Date "2020.11.14"]
[Round "2"]
[White "ggteste1"]
[Black "Bigchess"]
[Result "1-0"]
[WhiteElo "1794"]
[BlackElo "1782"]

1. e4 Nf6 2. Nc3 e5 3. Bb5 c6 4. Bc4 d6 5. a3 Be7 6. Nf3 Nbd7 7. O-O Nb6 8. Ba2
O-O 9. d4 exd4 10. Nxd4 Nbd7 11. Bg5 Ne5 12. f4 Ng6 13. f5 Ne5 14. Qd2 c5 15.
Bxf6 Bxf6 16. Nf3 Nxf3+ 17. Rxf3 a6 18. Nd5 Bxb2 19. Raf1 Qh4 20. f6 Qxe4 21.
Ne7+ Kh8 22. fxg7+ Bxg7 23. Rxf7 Rxf7 24. Rxf7 Qd4+ 25. Rf2 Qa1+ 26. Rf1 Qxa2
27. h3 Bd7 28. Qxd6 Bc6 29. Qxc5 Qb2 30. Nxc6 bxc6 31. Qxc6 Qd4+ 32. Kh1 Qd8 33.
c4 a5 34. Qe4 h6 35. h4 a4 36. c5 Qd4 37. Qxa8+ Kh7 38. g3 Qxc5 39. Rd1 Qxa3 40.
Qe4+ Kg8 41. Rd8+ Bf8 42. Qg6+ Kh8 43. Qxh6+ Kg8 44. Qg6+ Kh8 45. Kh2 Qe7 46.
Qh5+ Kg8 47. Rd5 Qf6 48. Qg4+ Qg7 49. Rg5 a3 50. Qc4+ Kh8 51. Rh5+ 1-0

[Event "AUTO-INT-3514"]
[Site "http://www.queenalice.com/game.php?id=1632870"]
[Date "2020.11.14"]
[Round "2"]
[White "Bigchess"]
[Black "ggteste1"]
[Result "1-0"]
[WhiteElo "1747"]
[BlackElo "1827"]

1. e4 e5 2. Bc4 Nf6 3. Nf3 d5 4. exd5 Nxd5 5. Nxe5 Qe7 6. Qe2 f6 7. Bxd5 Qxe5 8.
Qxe5+ fxe5 9. O-O c6 10. Bf3 Bf5 11. d3 Bd6 12. Nc3 O-O 13. Be3 Nd7 14. Rfd1 a5
15. a3 h6 16. Ne4 Be7 17. c4 c5 18. Nc3 Rab8 19. Nd5 b5 20. Nxe7+ Kh8 21. Nxf5
Rxf5 22. Bd5 b4 23. Be6 bxa3 24. bxa3 Rf6 25. Bxd7 Rb2 26. Bb5 Kh7 27. Bxc5 g5
28. a4 h5 29. Rf1 Rd2 30. Rad1 Re2 31. d4 exd4 32. Bxd4 Rf4 33. c5 Ree4 34. Be3
Rf5 35. Bd3 Rfe5 36. Bxe4+ Rxe4 37. Rd4 Re5 38. c6 Rc5 39. Rd7+ 1-0

[Event "Challenge"]
[Site "http://www.queenalice.com/game.php?id=1632946"]
[Date "2020.11.14"]
[Round "-"]
[White "MADMIKE"]
[Black "ggteste1"]
[Result "0-1"]
[WhiteElo "1882"]
[BlackElo "1817"]

1. d4 d5 2. Nc3 Nf6 3. Bf4 a6 4. h3 Nc6 5. Nf3 Bf5 6. e3 b5 7. Bd3 e5 8. dxe5
Ne4 9. Bxe4 dxe4 10. Nd4 Nxd4 11. exd4 Bb4 12. O-O Bxc3 13. bxc3 Qd5 14. a3 Rd8
15. f3 c5 16. Be3 Qc4 17. fxe4 Bxe4 18. Rf4 Ba8 19. Qd2 Qd5 20. Rf2 O-O 21. Qe2
h6 22. Qg4 Qe6 23. Qg3 Qg6 24. Qxg6 fxg6 25. Rd1 c4 26. Rxf8+ Rxf8 27. Rd2 Bd5
28. Rf2 g5 29. Rxf8+ Kxf8 30. Kf2 Kf7 31. Kg3 Kg6 32. h4 gxh4+ 33. Kxh4 Bxg2 34.
Bf4 Kf5 35. Bh2 Be4 36. Bg3 Bxc2 37. d5 Bd1 38. d6 g5+ 39. Kh3 Ke6 40. Kg2 a5
41. Kf2 b4 42. cxb4 c3 43. Ke1 axb4 44. axb4 Ba4 45. Ke2 h5 46. Kd3 h4 47. Bh2
c2 48. Kd2 g4 49. Bf4 Kf5 0-1

[Event "Challenge"]
[Site "http://www.queenalice.com/game.php?id=1632947"]
[Date "2020.11.14"]
[Round "-"]
[White "ggteste1"]
[Black "MADMIKE"]
[Result "0-1"]
[WhiteElo "1808"]
[BlackElo "1855"]

1. e4 e5 2. Nf3 d6 3. Nc3 a6 4. Bc4 h6 5. O-O Nf6 6. h3 Be7 7. b4 O-O 8. a4 Nc6
9. b5 axb5 10. Bxb5 Nd4 11. Nxd4 exd4 12. Ne2 Nxe4 13. Nxd4 c6 14. Bd3 d5 15.
Qf3 f5 16. c4 Bf6 17. Bb2 Nxd2 18. Qg3 Nxf1 19. Rxf1 c5 20. Nxf5 Bxf5 21. Ba3
Bxd3 22. Qxd3 dxc4 23. Qxc4+ Kh8 24. Bxc5 Rc8 25. Qb4 Rf7 26. Bb6 Qd7 27. Re1
Qc6 28. Be3 Bc3 29. Qb3 Rd7 30. Rc1 Qf6 31. Kh2 Be5+ 32. g3 Rxc1 33. Bxc1 Qxf2+
34. Kh1 Qe1+ 0-1

[Event "AUTO-INT-3523"]
[Site "http://www.queenalice.com/game.php?id=1643399"]
[Date "2021.2.12"]
[Round "2"]
[White "caradepau"]
[Black "ggteste1"]
[Result "0-1"]
[WhiteElo "1664"]
[BlackElo "1888"]

1. e4 e5 2. Bc4 Nf6 3. d3 Bc5 4. h3 O-O 5. Nf3 d5 6. exd5 Re8 7. O-O h6 8. a3 c6
9. dxc6 Nxc6 10. g4 a6 11. Re1 b5 12. Ba2 e4 13. Nh2 Bb7 14. g5 hxg5 15. Bxg5
Qd7 16. Bxf6 Qf5 17. Rf1 Qxf6 18. Nc3 exd3 19. cxd3 Nd4 20. Re1 Rxe1+ 21. Qxe1
Qg5+ 22. Kf1 Qg2# 0-1

[Event "AUTO-INT-3523"]
[Site "http://www.queenalice.com/game.php?id=1643400"]
[Date "2021.2.12"]
[Round "2"]
[White "ggteste1"]
[Black "caradepau"]
[Result "1-0"]
[WhiteElo "1895"]
[BlackElo "1657"]

1. e4 e5 2. Nf3 Nc6 3. Bc4 h6 4. O-O Bc5 5. d3 d6 6. h3 Nf6 7. Re1 g5 8. Nc3 g4
9. Nh2 gxh3 10. Ne2 hxg2 11. Kxg2 Ke7 12. Ng3 h5 13. Bg5 Qg8 14. Bxf6+ Kxf6 15.
Qf3+ Kg6 16. Rg1 a6 17. Kf1 Kh7 18. c3 Qg6 19. Bxf7 Qg7 20. Nxh5 Qf8 21. Nf6+
Kh6 22. Qh5# 1-0

[Event "AUTO-ADV-4337"]
[Site "http://www.queenalice.com/game.php?id=1647907"]
[Date "2021.3.27"]
[Round "2"]
[White "jlpbarreto"]
[Black "ggteste1"]
[Result "1/2-1/2"]
[WhiteElo "2041"]
[BlackElo "2010"]

1. e4 e5 2. Nf3 Nc6 3. Bc4 Bc5 4. O-O Nf6 5. d3 h6 6. Nbd2 O-O 7. c3 d5 8. exd5
Nxd5 9. Re1 Re8 10. Nf1 Nf6 11. Ng3 Be6 12. Bb3 Ng4 13. Ne4 Bb6 14. h3 Bxb3 15.
axb3 Nf6 16. c4 Nxe4 17. dxe4 Nd4 18. Be3 Nxf3+ 19. gxf3 Bxe3 20. fxe3 Qg5+ 21.
Kh2 Rad8 22. Qe2 c5 23. Rg1 Qh5 24. Rxa7 b6 25. Qg2 Qg5 26. Qe2 Qf6 27. Rd1 Rxd1
28. Qxd1 Rd8 29. Qe2 Rd6 30. Ra1 Qd8 31. Kg3 Rd2 32. Ra8 Rxe2 33. Rxd8+ Kh7 34.
Rd3 Rxb2 35. Rc3 h5 36. h4 g6 37. Kh3 f5 38. exf5 gxf5 39. f4 e4 40. Kg3 Kg6 41.
Kh3 Kh7 1/2-1/2

[Event "AUTO-ADV-4337"]
[Site "http://www.queenalice.com/game.php?id=1647908"]
[Date "2021.3.27"]
[Round "2"]
[White "ggteste1"]
[Black "jlpbarreto"]
[Result "1-0"]
[WhiteElo "1990"]
[BlackElo "2079"]

1. e4 c5 2. Nc3 g6 3. Bc4 Bg7 4. Qf3 e6 5. Nge2 Nc6 6. O-O Qf6 7. Qxf6 Nxf6 8.
d3 a6 9. a3 O-O 10. h3 d5 11. exd5 exd5 12. Nxd5 Nxd5 13. Bxd5 Bd7 14. c4 Rfe8
15. Be3 Na5 16. Rab1 Rab8 17. Nf4 Bd4 18. Bxd4 cxd4 19. b4 Nc6 20. a4 Ne7 21. b5
g5 22. Nh5 Nxd5 23. cxd5 Red8 24. bxa6 Bf5 25. a7 Ra8 26. Rxb7 Bg6 27. Nf6+ Kg7
28. Nd7 Re8 29. Rb8 Rxa7 30. Rxe8 Rxd7 31. Rfe1 Rxd5 32. R1e5 Rd7 33. R8e7 Rd8
34. Rxg5 Kf6 35. Rge5 Bxd3 36. Re8 Rd7 37. f4 Bc2 38. g4 d3 39. Rg8 h6 40. h4
1-0

[Event "Plaisir de jouer"]
[Site "http://www.queenalice.com/game.php?id=1649575"]
[Date "2021.4.14"]
[Round "1"]
[White "carlitomontana93270"]
[Black "ggteste1"]
[Result "0-1"]
[WhiteElo "1795"]
[BlackElo "1941"]

1. c4 Nf6 2. d4 g6 3. e3 Bg7 4. Nf3 O-O 5. Be2 b6 6. O-O Bb7 7. Bd2 e6 8. Nc3 d5
9. b3 Ne4 10. Be1 c5 11. Qc2 Nc6 12. dxc5 Nb4 13. Qc1 bxc5 14. Nd2 Bxc3 15. Nxe4
Bxa1 16. Qxa1 dxe4 17. Bc3 f6 18. a3 Nc6 19. f3 e5 20. Rd1 Qe7 21. Qb1 Rad8 22.
Re1 f5 23. fxe4 fxe4 24. Qxe4 Rf6 25. Qh4 Rf1+ 0-1

[Event "Plaisir de jouer"]
[Site "http://www.queenalice.com/game.php?id=1760833"]
[Date "2021.5.29"]
[Round "2"]
[White "ggteste1"]
[Black "MarcosT"]
[Result "0-1"]
[WhiteElo "2011"]
[BlackElo "1947"]

1. e4 c5 2. Nf3 d6 3. d4 cxd4 4. Nxd4 Nc6 5. Bb5 Bd7 6. Qf3 Nxd4 7. Bxd7+ Qxd7
8. Qd3 e5 9. f4 Rc8 10. c3 Qg4 11. O-O Nc6 12. h3 Qd7 13. Na3 a6 14. Nc4 Be7 15.
Nb6 Qc7 16. Nxc8 Qxc8 17. fxe5 Nxe5 18. Qd5 Nf6 19. Qd4 O-O 20. Bf4 Nc6 21. Qe3
Ne5 22. Bxe5 dxe5 23. Rad1 Bc5 24. Rd4 exd4 25. cxd4 Bb6 26. Rf3 Rd8 27. Kh1
Bxd4 28. Qg5 Qc7 29. Rg3 Nxe4 0-1